Amazonia peruana / (Registro nro. 19456)

Detalles MARC
000 -CABECERA
Campo de control 00968nas a2200229 a 4500
005 - FECHA Y HORA DE LA ULTIMA TRANSACCION
Campo de control 20170403100928.0
008 - ELEMENTOS DE LONGITUD FIJA—INFORMACION GENERAL
Campo de control 890418c19779999pe fr p r 0 0b0spa d
022 ## - ISSN
ISSN 0252-886X
040 ## - FUENTE DE CATALOGACIÓN
Agencia catalogadora original hm
Agencia transcriptora hm
Agencia Modificadora CO-BoIAVH
041 0# - IDIOMA
Código de idioma para texto/pista de sonido o título separado Español
044 ## - PAÍS DE PUBLICACIÓN
País de publicación Perú
090 ## - CLASIFICACIÓN LOCAL
Colección SE
245 00 - MENCION DE TITULO
Título Amazonia peruana /
Mención de responsabilidad Centro Amazónico de Antropología y Aplicación Práctica. Departamento de Documentación y Publicaciones.
260 ## - PUBLICACION, DISTRIBUCION, ETC. (PIE DE IMPRENTA)
Lugar de publicación, distribución, etc. Lima (Perú) :
Nombre del editor, distribuidor, etc. Centro Amazónico de Antropología y Aplicación Práctica,
Fecha de publicación, distribución, etc. 1977- .
300 ## - DESCRIPCION FISICA
Otros detalles físicos ilustraciones ;
Dimensiones 24 x 17 cm.
310 ## - FRECUENCIA ACTUAL DE LA PUBLICACIÓN
Frecuencia actual de la publicación Semestral
650 26 - ASIENTO SECUNDARIO DE MATERIA - TERMINO TEMATICO
Término temático o nombre geográfico como elemento de entrada Poblaciones indígenas
Subdivisión geográfica Perú
Subdivisión de forma Publicaciones periódicas
9 (RLIN) 80832
650 26 - ASIENTO SECUNDARIO DE MATERIA - TERMINO TEMATICO
Término temático o nombre geográfico como elemento de entrada Poblaciones indígenas
Subdivisión general Amazonas
-- Perú
Subdivisión de forma Publicaciones periódicas
9 (RLIN) 80833
651 #0 - ASIENTO SECUNDARIO DE MATERIA - NOMBRE GEOGRAFICO
Nombre geográfico Perú
Subdivisión de forma Publicaciones periódicas
9 (RLIN) 80834
710 2# - ASIENTO SECUNDARIO - NOMBRE CORPORATIVO
Nombre corporativo o de jurisdicción como elemento de entrada Centro Amazónico de Antropología y Aplicación Práctica
Unidad subordinada Departamento de Documentación y Publicaciones
Lugar de la reunión Lima (Perú)
9 (RLIN) 80835
942 ## - ELEMENTOS ADICIONALES (KOHA)
Sistema de clasificación Local
Tipo de ítem Periodica o revista
Existencias
Withdrawn status Lost status Sistema de Clasificación Damaged status No para préstamo Colección Fecha publicación (Año) Volumen revista Inventariado Ubicación Permanente Ubicación actual Fecha de adquisición Datos de publicación Seriada Total Checkouts Número topográfico Inventario / Código de Barras Date last seen Ejemplar Price effective from Forma de adquisición Tipo de material
    Local     Hemeroteca 1989 9 Inventariado 2017 Bogotá Bogotá 03/04/2017 Volumen 9 (01/07/1989)   SE 058063 03/04/2017 Ej. 1 03/04/2017 Donación Periodica o revista